| 000 | 01585cam a2200457Mi 4500 | ||
|---|---|---|---|
| 001 | 80279 | ||
| 005 | 20230410115845.0 | ||
| 008 | 091015s2009 fr ak bi 001 0 fre d | ||
| 010 | _a2009521983 | ||
| 035 | _a(OCoLC)ocn457130877 | ||
| 040 |
_aTZT _cTZT _dAUXAM |
||
| 020 | _a9782707158000 | ||
| 020 | _a2707158003 | ||
| 020 | _a9782110975393 | ||
| 020 | _a2110975395 | ||
| 029 | 0 |
_aTZT _bJTL00258603 |
|
| 029 | 1 |
_aAUXAM _bAAL0461815-0001 |
|
| 035 | _a(OCoLC)457130877 | ||
| 050 | 1 | 4 |
_aHN 426 _bD685p 2009 |
| 082 | 0 | 0 | _a303 |
| 100 | 1 | _aDonnat, Olivier | |
| 245 | 1 | 4 |
_aLes pratiques culturelles des Francais a l'ere numerique: _benquete 2008 / _cOlivier Donnat; avant-propos Philippe Chantepie. |
| 246 | 3 | 0 | _aEnquete 2008 |
| 260 |
_aParis : _bDecouverte; _bMinistere de la culture et de la communication, _c2009. |
||
| 300 |
_a282 p. _bill., forms. ; _c24 cm. |
||
| 504 | _aIncludes bibliographical references and indexes | ||
| 650 | 0 |
_aSocial indicators _zFrance. |
|
| 650 | 0 |
_aInformation society _zFrance. |
|
| 651 | 0 |
_aFrance _xSocial life and customs _y21st century |
|
| 650 | 0 | _aComputers and civilization | |
| 650 | 0 | _aDigital communications. | |
| 650 | 4 |
_aIndicadores sociales _zFrancia. |
|
| 700 | 1 |
_aChantepie, Philippe _efrwd. |
|
| 710 | 2 |
_aFrance _bMinistère de la culture et de la communication. |
|
| 923 |
_d20091020 _nB00102088 _sFrPJT |
||
| 938 |
_aJean Touzot Libraire Editeur _bTOUZ _nJTL00258603 _c20 EUR |
||
| 938 |
_aAux Amateurs de Livres _bAUXA _nAAL0461815-0001 _c20,00 EUR |
||
| 942 |
_2lcc _cbk |
||
| 985 | _eVENDOR LOAD | ||
| 946 | _aAAG | ||
| 999 |
_c49320 _d49320 |
||